01165cam a2200277 a 45000010005000000030006000050050017000110080041000280100017000690200025000860400023001110500008001340820008001421000018001502450091001682600041002593000048003004900058003485000083004065050007004895200260004965210029007565210018007856500050008037300034008534591FISKH20240917142337.0080627s2009 nyua b 000 1 eng  a 2008020853 a9780448450780 (pbk.) aDLCcDLCdDLCbeng aPZ7 a4451 aHapka, Cathy.10aAnimalia :bTalent-O-Topia /cby Cathy Hapka ; based on the teleplay by Deanna Oliver. aNew York :bGrosset & Dunlap,c2009. a48 pages : bcolor illustrations ; c23 cm 0 aAll aboard reading. Station stop 2, reading with help a"Based on the animated television series inspired by Graeme Bases's Animalia." aK  aWhen Zoe learns that Allegra can’t read, she helps the gator write a song for Animalia’s big talent contest. Iggy and G’Bubu are excited for the talent show, too! This easy-to-read is perfect for Animaliafans who are just starting to read on their own!8 a510 bLexile estimate 8 aK bRaz-Plus  a Classroom Library vGrades K-2 xNorth Ward 0 aAnimalia (Television program)